000
00251nam a2200109 4500
082
_a
BHU
100
_a
Bhutto, Zulfiqar Ali
245
_a
The Thirld World: New Directions
260
_a
London:
_b
Quarter Books,
_c
1977.
300
_a
144p. ;
942
_c
BK
999
_c
12989
_d
12989